Southville International School and Colleges
Your cart is empty.
  • Cart
  • Lists
    Public lists Eva Luna New books Lux_list list_1
    Your lists Log in to create your own lists
  • Log in to your account
  • Your cookies
  • Search history
Southville International School and Colleges
  • Advanced search
  • Recent comments
  • Most popular
  • Libraries

Log in to your account

Log in with GOOGLE


If you do not have an external account, but do have a local account, you can still log in:

  1. Home
  2. MARC view: Frog medicine /
Normal view MARC view ISBD view

Frog medicine / (Record no. 103164)

[ view plain ]
MARC details
000 -LEADER
fixed length control field 00775nam a2200181 a 4500
005 - DATE AND TIME OF LATEST TRANSACTION
control field 20140412111251.0
008 - FIXED-LENGTH DATA ELEMENTS--GENERAL INFORMATION
fixed length control field 000823s19uu xx 00 eng d
020 ## - INTERNATIONAL STANDARD BOOK NUMBER
International Standard Book Number 0-590-44178-7
050 ## - LIBRARY OF CONGRESS CALL NUMBER
Classification number TR(PS E
Item number Fr92 1991
100 ## - MAIN ENTRY--PERSONAL NAME
Personal name Teague, Mark
245 ## - TITLE STATEMENT
Title Frog medicine /
Statement of responsibility, etc by Mark Teague.
260 ## - PUBLICATION, DISTRIBUTION, ETC. (IMPRINT)
Place of publication, distribution, etc New York :
Name of publisher, distributor, etc Scholastic Inc,
Date of publication, distribution, etc 1991.
300 ## - PHYSICAL DESCRIPTION
Extent 1 v. (unp.) ; ill.
520 ## - SUMMARY, ETC.
Summary, etc Elmo Freem can't believe he has to do a book report on a dumb book called Frog Medicine. But suddenly, the book doesn't seem so dumb when he finds himself turning into a frog. Time to go to Frogtown and find the author of the book, where Elmo learns lots about frogs, book reports, and life in general!
650 ## - SUBJECT ADDED ENTRY--TOPICAL TERM
Topical term or geographic name as entry element Frogs-Fiction
650 ## - SUBJECT ADDED ENTRY--TOPICAL TERM
Topical term or geographic name as entry element Medicines-Fiction
Holdings
Withdrawn status Lost status Damaged status Home library Current library Shelving location Date acquired Source of acquisition Cost, normal purchase price Total Checkouts Full call number Barcode Date last seen Price effective from Koha item type
      Elizalde Library Elizalde Library Teachers Reference Section 08/23/2000   215.00   TR(PS E Fr92 1991 E3944 04/12/2014 04/12/2014 Books

Frog medicine /

APA

Teague M., . (1991). Frog medicine. New York: Scholastic Inc.

Chicago

Teague Mark, . 1991. Frog medicine. New York: Scholastic Inc.

Harvard

Teague M., . (1991). Frog medicine. New York: Scholastic Inc.

MLA

Teague Mark, . Frog medicine. New York: Scholastic Inc. 1991.

  • Place hold
  • Print
  • Cite
  • Add to your cart (remove)
  • Save record
    BIBTEX Dublin Core MARCXML MARC (non-Unicode/MARC-8) MARC (Unicode/UTF-8) MARC (Unicode/UTF-8, Standard) MODS (XML) RIS
  • More searches
    Search for this title in:
    Other Libraries (WorldCat) Other Databases (Google Scholar) Online Stores (Bookfinder.com) Open Library (openlibrary.org)

Exporting to Dublin Core...

SOUTHVILLE LIBRARY

Southville International School and Colleges Library

1281 Tropical Ave. Cor. Luxembourg St., BF Homes International, Las Pinas City

Tel. No. 8256374 / 252358 Loc. 117/146

Powered by Koha